000 00680nas a2200217 4500
001 BR7307999
003 BR-BrBNA
005 20231205082643.0
007 ta
008 230509b bl.|||p| |||| 00| 00por d
040 _aBR-BrBNA
_bpor
_cBiblioteca Nacional de Agricultura
041 _a(Pt)
072 _aE70
100 1 _aClarke, J.G.
245 1 _aSaidas de mercado de exportacao para frutas e vegetais brasileiros enlatados
650 _aENLATADO
650 _aEXPORTACAO
773 0 _tBoletim do Instituto de Tecnologia de Alimentos (Brazil)
_xISSN 0366-0281
_g(Sep 1972), (no. 31) p. 79-89
_wBR7307999
909 _a202311
_bLúcia
_c55
_dLúcia Elande
942 _2AGRIS
_n0
_cANA
999 _c93502
_d93502